Решение Межведомственного регионального стратиграфического совещания по кембрийским отложениям Русской платформы (г. Вильнюс, 1983 г.): с унифицированной стратиграфической схемой

Bibliographische Detailangaben
Körperschaften: Академия наук СССР (АН СССР), Всесоюзный научно-исследовательский геологический институт (ВСЕГЕИ), Литовский научно-исследовательский геологоразведочный институт (ЛитНИГРИ)
Weitere Verfasser: Спижарский Т. Н. (редактор)
Sprache:Russisch
Veröffentlicht: Ленинград, Изд-во ВСЕГЕИ, 1986
Schlagworte:
Format: MixedMaterials Buch
KOHA link:https://koha.lib.tpu.ru/cgi-bin/koha/opac-detail.pl?biblionumber=271228

MARC

LEADER 00000nam0a2200000 4500
001 271228
005 20231101234421.0
035 |a (RuTPU)RU\TPU\book\294409 
090 |a 271228 
100 |a 20141006d1986 k y0rusy50 ca 
101 0 |a rus 
102 |a RU 
105 |a a z 000zy 
200 1 |a Решение Межведомственного регионального стратиграфического совещания по кембрийским отложениям Русской платформы (г. Вильнюс, 1983 г.): с унифицированной стратиграфической схемой  |f Академия наук СССР (АН СССР) ; Всесоюзный научно-исследовательский геологический институт (ВСЕГЕИ) ; Литовский научно-исследовательский геологоразведочный институт (ЛитНИГРИ) ; под ред. Т. Н. Спижарского 
210 |a Ленинград  |c Изд-во ВСЕГЕИ  |d 1986 
215 |a 49 с.  |c ил., карты 
606 1 |a Кембрийские отложения  |2 stltpush  |3 (RuTPU)RU\TPU\subj\14267  |9 40708 
610 1 |a геология 
610 1 |a стратиграфия 
610 1 |a Русская платформа 
610 1 |a стратиграфическая шкала 
610 1 |a корреляции 
610 1 |a кембрийская система 
610 1 |a синеклизы 
675 |a 551.732  |v 4 
702 1 |a Спижарский  |b Т. Н.  |4 340 
712 0 2 |a Академия наук СССР (АН СССР)  |c (1925-1991)  |2 stltpush  |3 (RuTPU)RU\TPU\col\722 
712 0 2 |a Всесоюзный научно-исследовательский геологический институт (ВСЕГЕИ)  |c (Ленинград)  |c (1939-1991)  |2 stltpush  |3 (RuTPU)RU\TPU\col\11367 
712 0 2 |a Литовский научно-исследовательский геологоразведочный институт (ЛитНИГРИ)  |2 stltpush  |3 (RuTPU)RU\TPU\col\21536 
801 1 |a RU  |b 63413507  |c 20141006 
801 2 |a RU  |b 63413507  |c 20170309  |g RCR 
942 |c BK